| 000 | 01468nam2a2200289 4500 | ||
|---|---|---|---|
| 001 | RU\NLR\bibl\1749887 | ||
| 005 | 20250616120208.0 | ||
| 010 |
_a978-5-93932-198-3 _9500 |
||
| 021 |
_aRU _b2011-16240 _91143 |
||
| 035 | _a(NLR Aleph) 001740752 | ||
| 090 |
_a1457802 _c1457802 |
||
| 100 | _a20110323d2010 |||y0rusy50 ca | ||
| 101 | 0 | _arus | |
| 102 | _aRU | ||
| 105 | _aa ||||||||| | ||
| 200 | 1 | _aТеоретические основы обработки изображений и прикладные аспекты компьютерной графики | |
| 210 |
_d2010 _aБ. м. |
||
| 215 |
_a237 с. _cил. |
||
| 320 | _aБиблиогр.: с. 224-236 (189 назв.) | ||
| 461 | 0 |
_1001RU\NLR\bibl\1759169 _12001#$aКомпьютерная графика: методы, модели и средства преобразования графической информации$vТ. 2 _91512777 _cОрел _d2010 _fФисун А.П., Константинов И.С., Джевага К.А. [и др.] _nОГУ _oмонография : [в 2 т.] _tКомпьютерная графика: методы, модели и средства преобразования графической информации _vТ. 2 |
|
| 606 | 1 |
_aИзображения _xОбработка _xТеория _92119873 _3RU\NLR\auth\661280211 |
|
| 686 | _aЗ811.3 | ||
| 801 | 0 |
_aRU _bNLR _c20110323 _gRCR |
|
| 801 | 1 |
_aRU _bNLR _c20110323 |
|
| 942 | _cBOOK | ||
| 980 | _aNB | ||